[Event "BL2 Ost 2122 (Women)"]
[Site "Germany"]
[Date "2022.04.09"]
[Round "6.1"]
[White "Pflug, Tanja"]
[Black "Timme, Karin"]
[Result "1/2-1/2"]
[WhiteElo "2017"]
[BlackElo "2079"]
[PlyCount "55"]
[EventDate "2021.11.27"]
[EventType "team-tourn"]
[EventRounds "7"]
[EventCountry "GER"]
[SourceTitle "EXT 2023"]
[Source "ChessBase"]
[SourceDate "2022.10.05"]
[SourceVersion "1"]
[SourceVersionDate "2022.10.05"]
[SourceQuality "1"]
[WhiteTeam "Merseburg (W)"]
[BlackTeam "Coswig (W)"]
[WhiteTeamCountry "GER"]
[BlackTeamCountry "GER"]

1. d4 d5 2. Bf4 Nf6 3. e3 e6 4. Nf3 c5 5. c3 Nc6 6. Nbd2 Bd6 7. Ne5 0-0 8. Bd3 Qc7 9. Ndf3 cxd4 10. exd4 Ne8 11. Bg3 f6 12. Nxc6 bxc6 13. Qe2 c5 14. 0-0 Bxg3 15. hxg3 Rb8 16. Rad1 c4 17. Bb1 Rb6 18. Kh2 Qb7 19. Rd2 Nd6 20. Rh1 Nb5 21. Qd1 Rf7 22. Qc2 g6 23. Nh4 g5 24. Nf3 Rg7 25. Re2 Nd6 26. Kg1 Nb5 27. Re1 Nd6 28. Re2 1/2-1/2

[Event "BL2 Ost 1617 (Women)"]
[Site "Germany"]
[Date "2016.10.23"]
[Round "2.1"]
[White "Timme, Karin"]
[Black "Gasch, Franziska"]
[Result "1-0"]
[WhiteElo "2103"]
[BlackElo "2014"]
[PlyCount "99"]
[EventDate "2016.10.22"]
[EventType "team-tourn"]
[EventRounds "7"]
[EventCountry "GER"]
[SourceTitle "EXT 2018"]
[Source "ChessBase"]
[SourceDate "2017.10.13"]
[SourceVersion "1"]
[SourceVersionDate "2017.10.13"]
[SourceQuality "1"]
[WhiteTeam "Coswig (W)"]
[BlackTeam "Leipzig Lindenau (W)"]
[WhiteTeamCountry "GER"]
[BlackTeamCountry "GER"]

1. d4 Nf6 2. c4 g6 3. Nc3 Bg7 4. e4 d6 5. f4 0-0 6. Nf3 e6 7. Bd3 c6 8. 0-0 d5 9. e5 Nfd7 10. cxd5 cxd5 11. Nb5 Nc6 12. Kh1 Nb6 13. b3 Bd7 14. Ba3 Ne7 15. Nd6 Bc6 16. Rc1 Nbc8 17. Qe2 Qd7 18. Nb5 Rd8 19. Rc2 a6 20. Nc3 Qe8 21. Rfc1 Nb6 22. Bc5 Nd7 23. b4 Nxc5 24. bxc5 Bh6 25. g3 Nf5 26. Rf1 Qd7 27. g4 Ne7 28. Ng5 Rdb8 29. Rb2 Nc8 30. Rfb1 Ne7 31. Nh3 Bg7 32. Nf2 Re8 33. g5 Nf5 34. Bxf5 exf5 35. h4 h5 36. Nd3 Rec8 37. Rb6 Bf8 38. Nb4 a5 39. Nxc6 bxc6 40. Qb2 Be7 41. Na4 Ra7 42. Qc3 Bd8 43. R6b3 Qe6 44. Qe1 Bc7 45. R1b2 Kg7 46. Qb1 Rca8 47. Kg2 Qe8 48. Kf3 Qe6 49. Rb7 Qe8 50. R7b3 1-0

[Event "BL2 Ost 1213 (Women)"]
[Site "Germany"]
[Date "2012.12.01"]
[Round "3.3"]
[White "Mucha, Annegret"]
[Black "Timme, Karin"]
[Result "1/2-1/2"]
[WhiteElo "2023"]
[BlackElo "2109"]
[PlyCount "58"]
[EventDate "2012.10.06"]
[EventType "team-tourn"]
[EventRounds "7"]
[EventCountry "GER"]
[SourceTitle "EXT 2018"]
[Source "ChessBase"]
[SourceDate "2017.10.13"]
[SourceVersion "1"]
[SourceVersionDate "2017.10.13"]
[SourceQuality "1"]
[WhiteTeam "Zeulenroda (W)"]
[BlackTeam "Torgelow Droegeheide (W)"]
[WhiteTeamCountry "GER"]
[BlackTeamCountry "GER"]

1. e4 c6 2. f4 d5 3. Nc3 dxe4 4. Nxe4 Nf6 5. Nf2 h5 6. Nf3 Bf5 7. b3 e6 8. Bb2 Bc5 9. d4 Bb4+ 10. c3 Bd6 11. g3 Nbd7 12. Bd3 Bxd3 13. Qxd3 Qe7 14. 0-0-0 g6 15. Ne5 0-0-0 16. Nxd7 Rxd7 17. Ne4 Nxe4 18. Qxe4 Rhd8 19. Rd3 Ba3 20. Rhd1 Bxb2+ 21. Kxb2 Rd5 22. Qe2 Qf6 23. Qe4 Qe7 24. Qe2 Qd7 25. Kc2 Qc7 26. c4 R5d6 27. Qe5 R6d7 28. Qxc7+ Kxc7 29. Kc3 Rd6 1/2-1/2

[Event "BL2 Ost 1112 (Women)"]
[Site "Germany"]
[Date "2011.10.30"]
[Round "2.5"]
[White "Timme, Karin"]
[Black "Beltz, Carmen"]
[Result "1/2-1/2"]
[WhiteElo "2116"]
[BlackElo "1964"]
[PlyCount "103"]
[EventDate "2011.10.29"]
[EventType "team-tourn"]
[EventRounds "7"]
[EventCountry "GER"]
[SourceTitle "EXT 2013"]
[Source "ChessBase"]
[SourceDate "2012.11.22"]
[SourceVersion "1"]
[SourceVersionDate "2012.11.22"]
[SourceQuality "1"]
[WhiteTeam "Torgelow (W)"]
[BlackTeam "Leipzig SG (W)"]
[WhiteTeamCountry "GER"]
[BlackTeamCountry "GER"]

1. d4 Nf6 2. Nf3 c5 3. dxc5 e6 4. c4 Bxc5 5. Nc3 Nc6 6. e3 0-0 7. a3 a6 8. b4 Be7 9. Bb2 b6 10. Be2 Bb7 11. 0-0 Rc8 12. Qb3 Qc7 13. h3 Rfd8 14. Rac1 Qb8 15. Na4 Ba8 16. c5 bxc5 17. Bxa6 Rc7 18. Nxc5 Na5 19. bxa5 Rxc5 20. Qxb8 Rxb8 21. Rxc5 Bxc5 22. Rc1 d6 23. Bd4 Bxa3 24. Rc8+ Rxc8 25. Bxc8 Bc5 26. a6 Nd5 27. Bb7 Nc7 28. Bxc5 dxc5 29. Ne5 Kf8 30. Nd7+ Ke7 31. Nxc5 h6 32. Kf1 Kd6 33. Ne4+ Kd7 34. Ke2 f5 35. Ng3 Bxb7 36. axb7 Na6 37. Nh5 g6 38. Nf4 g5 39. Nd3 Kc7 40. Ne5 h5 41. Nf7 g4 42. e4 Nc5 43. b8Q+ Kxb8 44. Ng5 Kc7 45. Ke3 Kd6 46. f3 Ke5 47. f4+ Kf6 48. e5+ Ke7 49. h4 Kd7 50. Kd4 Nb3+ 51. Kc4 Nd2+ 52. Kc3 1/2-1/2

[Event "BL 1011 (Women)"]
[Site "Germany"]
[Date "2011.01.09"]
[Round "5.5"]
[White "Demidowicz, Maria"]
[Black "Timme, Karin"]
[Result "1-0"]
[WhiteElo "2073"]
[BlackElo "2138"]
[PlyCount "93"]
[EventDate "2010.11.06"]
[EventType "team-tourn"]
[EventRounds "11"]
[EventCountry "GER"]
[SourceTitle "EXT 2012"]
[Source "ChessBase"]
[SourceDate "2011.11.24"]
[SourceVersion "1"]
[SourceVersionDate "2011.11.24"]
[SourceQuality "1"]
[WhiteTeam "Guben (W)"]
[BlackTeam "Torgelow (W)"]
[WhiteTeamCountry "GER"]
[BlackTeamCountry "GER"]

1. e4 c6 2. d4 d5 3. exd5 cxd5 4. c4 e6 5. Nc3 Nf6 6. Nf3 Nc6 7. Bd3 dxc4 8. Bxc4 Be7 9. 0-0 0-0 10. Be3 Nb4 11. Qe2 a6 12. Bb3 Nbd5 13. Ne5 Bd7 14. Rfe1 Nxc3 15. bxc3 Rc8 16. Bd2 Ba3 17. Rad1 Bc6 18. Bg5 Re8 19. Qd3 Be7 20. Nxf7 Kxf7 21. Bxe6+ Kf8 22. Bxc8 Qd5 23. Qg3 Rxc8 24. Re5 Qf7 25. d5 Bd7 26. d6 Bd8 27. Qd3 Ng4 28. Be7+ Kg8 29. Re2 Bb6 30. Qf3 Qxf3 31. gxf3 Nxf2 32. Rxf2 Rxc3 33. Kg2 Bxf2 34. Kxf2 Rc2+ 35. Kg3 Rxa2 36. Rc1 Bc6 37. Rxc6 bxc6 38. d7 Rd2 39. d8Q+ Rxd8 40. Bxd8 Kf7 41. Kf4 Ke6 42. Ke4 c5 43. f4 g6 44. h4 h6 45. Ba5 Kd6 46. Bc3 Kc6 47. Ke5 1-0

[Event "BL 0910 (Women)"]
[Site "Germany"]
[Date "2010.03.28"]
[Round "11.5"]
[White "Timme, Karin"]
[Black "Stitterich, Nadine"]
[Result "1-0"]
[WhiteElo "2093"]
[BlackElo "1956"]
[PlyCount "99"]
[EventDate "2009.11.07"]
[EventType "team-tourn"]
[EventRounds "11"]
[EventCountry "GER"]
[SourceTitle "CBM 133 Extra"]
[Source "ChessBase"]
[SourceDate "2010.01.05"]
[SourceVersion "1"]
[SourceVersionDate "2010.01.05"]
[SourceQuality "1"]
[WhiteTeam "Torgelow (W)"]
[BlackTeam "Wolfbusch (W)"]
[WhiteTeamCountry "GER"]
[BlackTeamCountry "GER"]

1. d4 Nf6 2. c4 g6 3. Nc3 Bg7 4. e4 d6 5. h3 0-0 6. Bg5 c5 7. d5 Qa5 8. Bd3 e6 9. Nge2 Na6 10. a3 exd5 11. exd5 Bd7 12. 0-0 Rab8 13. Qd2 Nc7 14. b4 Qa6 15. bxc5 dxc5 16. Rab1 Nce8 17. a4 Nd6 18. Bf4 Nfe8 19. Nb5 Bxb5 20. axb5 Qb6 21. Ng3 Rc8 22. Bg5 f6 23. Bf4 Nf7 24. Rfe1 Ne5 25. Qc2 Nd6 26. Bd2 Qc7 27. f4 Nxd3 28. Qxd3 f5 29. Bc3 Bxc3 30. Qxc3 Ne4 31. Nxe4 fxe4 32. Rxe4 Rxf4 33. Rxf4 Qxf4 34. Rd1 b6 35. Qd3 Rd8 36. Qe2 Qf7 37. Rf1 Qe8 38. Qf2 Qe7 39. Re1 Qf7 40. Qxf7+ Kxf7 41. Re6 Rd7 42. Kf2 Rd8 43. Kf3 h6 44. Ke4 Rd7 45. Ke5 h5 46. h4 Rd8 47. d6 Rd7 48. Kd5 Rb7 49. Re2 Kf6 50. Kc6 1-0

[Event "BL 0506 (Women)"]
[Site "Germany"]
[Date "2005.11.20"]
[Round "4"]
[White "Timme, Karin"]
[Black "Zilberman, Polina"]
[Result "1/2-1/2"]
[WhiteElo "2107"]
[BlackElo "2196"]
[PlyCount "105"]
[EventDate "2005.10.29"]
[EventType "team-tourn"]
[EventRounds "11"]
[EventCountry "GER"]
[SourceTitle "CBM 109 Extra"]
[Source "ChessBase"]
[SourceDate "2006.01.03"]
[SourceVersion "2"]
[SourceVersionDate "2006.01.03"]
[SourceQuality "1"]

1. d4 d5 2. c4 e6 3. Nc3 Nf6 4. Bg5 Be7 5. e3 0-0 6. Nf3 Nbd7 7. Rc1 a6 8. a4 c5 9. cxd5 exd5 10. dxc5 Nxc5 11. Bxf6 Bxf6 12. Nxd5 Ne6 13. Nxf6+ Qxf6 14. Qb3 Bd7 15. a5 Bc6 16. Be2 Rfd8 17. 0-0 Rd5 18. Rfd1 Rxa5 19. Qc3 Qxc3 20. Rxc3 Rd5 21. Rdc1 Bb5 22. Bxb5 Rxb5 23. Rc8+ Rxc8 24. Rxc8+ Nf8 25. Rc2 g6 26. Nd4 Rb6 27. Kf1 Kg7 28. Ke2 Kf6 29. Kd3 Ne6 30. Ke4 Nxd4 31. Kxd4 Rd6+ 32. Ke4 Ke6 33. Kf3 h5 34. Ke4 Rb6 35. Rd2 a5 36. Kf3 Rb3 37. Ke2 Rb6 38. Kf3 Rb5 39. Ke4 g5 40. h3 f5+ 41. Kf3 Ke5 42. Ke2 a4 43. Rc2 Kd5 44. Kd3 Rc5 45. Re2 b5 46. f3 Rc4 47. Rf2 h4 48. Re2 Ke5 49. Rf2 Rb4 50. Re2 Kd5 51. Kc2 Rc4+ 52. Kd3 Ke5 53. Rf2 1/2-1/2

[Event "BL 0506 (Women)"]
[Site "Germany"]
[Date "2005.10.30"]
[Round "2"]
[White "Radziewicz, Katarzyna"]
[Black "Timme, Karin"]
[Result "1/2-1/2"]
[WhiteElo "1921"]
[BlackElo "2107"]
[PlyCount "173"]
[EventDate "2005.10.29"]
[EventType "team-tourn"]
[EventRounds "11"]
[EventCountry "GER"]
[SourceTitle "CBM 109 Extra"]
[Source "ChessBase"]
[SourceDate "2006.01.03"]
[SourceVersion "2"]
[SourceVersionDate "2006.01.03"]
[SourceQuality "1"]

1. d4 d5 2. Nf3 Nf6 3. c4 e6 4. Nc3 c6 5. Bg5 Nbd7 6. e3 Qa5 7. Bxf6 Nxf6 8. Nd2 Be7 9. Bd3 0-0 10. 0-0 Re8 11. Qc2 h6 12. Nf3 dxc4 13. Bxc4 Bd6 14. Rfd1 b5 15. Be2 Bb7 16. Ne5 Rac8 17. Qb3 a6 18. Rac1 Ba8 19. Bf3 Qc7 20. Ng4 Nxg4 21. Bxg4 Bxh2+ 22. Kh1 Bd6 23. Ne4 Qe7 24. Bh3 Rcd8 25. Nxd6 Qxd6 26. Bg4 a5 27. Rc5 a4 28. Qc2 Rc8 29. Rc1 g6 30. f4 Qe7 31. Qf2 Bb7 32. Bf3 Qd6 33. Qh4 Kg7 34. Be4 Rg8 35. Kg1 Rgf8 36. Kf2 Rg8 37. Rh1 Rh8 38. Qg3 Rhg8 39. Rhc1 Rh8 40. Qh4 Rhg8 41. Rh1 Rh8 42. Rh3 Qd8 43. Qg3 Qa5 44. Rc2 Qb4 45. Rh4 Qe7 46. Rc5 Ba8 47. Rh1 f5 48. Bf3 g5 49. Rhc1 g4 50. Bxc6 Bxc6 51. Rxc6 Rxc6 52. Rxc6 h5 53. Kg1 Qd7 54. Rc5 Rc8 55. Qh4 Rxc5 56. dxc5 Qd2 57. Qe7+ Kh8 58. Qf8+ Kh7 59. Qf7+ Kh8 60. Qf6+ Kh7 61. Qc3 Qd1+ 62. Kf2 h4 63. Qe1 g3+ 64. Kf1 Qc2 65. Qe2 Qc1+ 66. Qe1 Qxc5 67. Qd2 Qd5 68. Qe1 Qxa2 69. Qd1 Qd5 70. Qh5+ Kg7 71. Qg5+ Kf7 72. Qh5+ Kf8 73. Qh8+ Kf7 74. Qh5+ Kg7 75. Qg5+ Kf8 76. Qf6+ Ke8 77. Qg6+ Kd7 78. Qf7+ Kc6 79. Qe8+ Kc5 80. Qc8+ Kb6 81. Qb8+ Ka5 82. Qc7+ Ka6 83. Qc8+ Ka7 84. Qc7+ Qb7 85. Qa5+ Kb8 86. Qd8+ Qc8 87. Qb6+ 1/2-1/2

[Event "BL 0304 (Women)"]
[Site "Germany"]
[Date "2004.04.18"]
[Round "11.2"]
[White "Kiefhaber, Veronika"]
[Black "Timme, Karin"]
[Result "1/2-1/2"]
[WhiteElo "2229"]
[BlackElo "1942"]
[PlyCount "79"]
[EventDate "2003.11.29"]
[EventType "team-tourn"]
[EventRounds "11"]
[EventCountry "GER"]
[SourceTitle "EXT 2005"]
[Source "ChessBase"]
[SourceDate "2004.11.15"]
[SourceVersion "1"]
[SourceVersionDate "2004.11.15"]
[SourceQuality "1"]
[WhiteTeam "Karlsruhe"]
[BlackTeam "Torgelow"]
[WhiteTeamCountry "GER"]
[BlackTeamCountry "GER"]

1. e4 c6 2. d4 d5 3. exd5 cxd5 4. c4 Nf6 5. Nc3 e6 6. Nf3 Bb4 7. cxd5 Nxd5 8. Bd2 0-0 9. Bd3 Be7 10. 0-0 Nc6 11. Re1 Nf6 12. Bg5 h6 13. Bh4 Nd5 14. Bxe7 Ncxe7 15. Ne5 Bd7 16. Rc1 Rc8 17. Bb1 Nxc3 18. bxc3 Bc6 19. Qd3 g6 20. h4 h5 21. Qg3 Kg7 22. Re3 Qc7 23. Rce1 Be8 24. Qh3 Nd5 25. Rf3 Ne7 26. g4 Rh8 27. g5 Rf8 28. Be4 Bc6 29. Nxc6 Nxc6 30. Rf6 Ne7 31. Re3 Nd5 32. Bxd5 exd5 33. Qf3 Qd7 34. Kh2 Rfe8 35. Rf4 Re6 36. Qg3 Rxe3 37. Qxe3 Re8 38. Qf3 Rc8 39. Qe3 Re8 40. Qf3 1/2-1/2

[Event "BL 0304 (Women)"]
[Site "Germany"]
[Date "2004.04.17"]
[Round "10.1"]
[White "Kachiani Gersinska, Ketino"]
[Black "Timme, Karin"]
[Result "1-0"]
[WhiteElo "2439"]
[BlackElo "1942"]
[PlyCount "97"]
[EventDate "2003.11.29"]
[EventType "team-tourn"]
[EventRounds "11"]
[EventCountry "GER"]
[SourceTitle "EXT 2005"]
[Source "ChessBase"]
[SourceDate "2004.11.15"]
[SourceVersion "1"]
[SourceVersionDate "2004.11.15"]
[SourceQuality "1"]
[WhiteTeam "Baden Oos (W)"]
[BlackTeam "Torgelow"]
[WhiteTeamCountry "GER"]
[BlackTeamCountry "GER"]

1. d4 d5 2. c4 e6 3. Nf3 c6 4. g3 Nf6 5. Bg2 Nbd7 6. Qc2 dxc4 7. Qxc4 Bd6 8. 0-0 0-0 9. Rd1 Qc7 10. Nc3 b5 11. Qd3 Bb7 12. Ng5 h6 13. Nge4 Be7 14. Bf4 Qb6 15. Bd6 Bxd6 16. Nxd6 a6 17. Rac1 Rad8 18. e4 e5 19. b4 Ba8 20. h3 g6 21. f4 exd4 22. Qxd4 Qxd4+ 23. Rxd4 c5 24. bxc5 Nxc5 25. e5 Ne6 26. Rd3 Bxg2 27. Kxg2 Ne8 28. Nd5 Kg7 29. Ne7 N8c7 30. f5 gxf5 31. Nc6 Ra8 32. Nxf5+ Kh7 33. Rd7 Ne8 34. Rf1 Rc8 35. Ncd4 Nxd4 36. Nxd4 Kg8 37. Nf5 Rc2+ 38. Rf2 Rxf2+ 39. Kxf2 Kh7 40. e6 Kg6 41. e7 Rh8 42. g4 h5 43. Rd8 Kf6 44. Ra8 hxg4 45. hxg4 Ke6 46. Kg3 Kd7 47. Rxa6 Rh1 48. Ra7+ Ke6 49. Rb7 1-0

[Event "Greifswald op"]
[Site "Greifswald"]
[Date "2003.08.29"]
[Round "3"]
[White "Timme, Karin"]
[Black "Skorna, Ullrich"]
[Result "0-1"]
[WhiteElo "1942"]
[BlackElo "2189"]
[PlyCount "80"]
[EventDate "2003.08.??"]
[EventType "swiss"]
[EventRounds "7"]
[EventCountry "GER"]
[SourceTitle "EXT 2005"]
[Source "ChessBase"]
[SourceDate "2004.11.15"]
[SourceVersion "1"]
[SourceVersionDate "2004.11.15"]
[SourceQuality "1"]

1. d4 e6 2. c4 Nf6 3. Nf3 c5 4. d5 b5 5. dxe6 fxe6 6. cxb5 Bb7 7. e3 d5 8. Nc3 Be7 9. Bd3 0-0 10. 0-0 Qe8 11. Ng5 Bd6 12. e4 h6 13. exd5 hxg5 14. dxe6 Qxe6 15. Re1 Qg4 16. Qxg4 Nxg4 17. Be4 Bxh2+ 18. Kh1 Bxe4 19. Nxe4 Bf4 20. f3 Ne5 21. Nxc5 Nbd7 22. Ne6 Rf6 23. Nxf4 gxf4 24. Re4 g5 25. Bd2 Kf7 26. Kg1 Rd6 27. Bc3 Rd5 28. a4 Ke6 29. Kf2 Rh8 30. Rae1 Kf5 31. g4+ fxg3+ 32. Kxg3 Rh4 33. R1e2 Rf4 34. Rxf4+ gxf4+ 35. Kg2 Rd3 36. a5 Rd5 37. b6 axb6 38. Bxe5 Nxe5 39. axb6 Rb5 40. Rd2 Rxb6 0-1

[Event "Greifswald op"]
[Site "Greifswald"]
[Date "2003.08.28"]
[Round "1"]
[White "Timme, Karin"]
[Black "Pirschel, Roberto"]
[Result "1-0"]
[WhiteElo "1942"]
[BlackElo "1349"]
[PlyCount "105"]
[EventDate "2003.08.??"]
[EventType "swiss"]
[EventRounds "7"]
[EventCountry "GER"]
[SourceTitle "EXT 2005"]
[Source "ChessBase"]
[SourceDate "2004.11.15"]
[SourceVersion "1"]
[SourceVersionDate "2004.11.15"]
[SourceQuality "1"]

1. d4 d5 2. c4 e6 3. Nc3 c6 4. Nf3 f5 5. Bg5 Be7 6. Bxe7 Qxe7 7. e3 Nf6 8. Be2 0-0 9. Ne5 Nbd7 10. Nxd7 Bxd7 11. f4 b6 12. 0-0 c5 13. Bf3 Bc6 14. Qe2 Rfe8 15. Rfd1 Qd6 16. Rac1 Rac8 17. h3 dxc4 18. Bxc6 Qxc6 19. Qxc4 Qb7 20. Qa4 cxd4 21. Rxd4 b5 22. Qb3 a5 23. Rcd1 b4 24. a3 Rb8 25. axb4 axb4 26. Na2 Ne4 27. Rxb4 Nc5 28. Qc4 Qa7 29. Rxb8 Rxb8 30. b4 Qa6 31. Qxa6 Nxa6 32. Rd4 Nc7 33. Nc3 Nb5 34. Nxb5 Rxb5 35. Kf2 Kf7 36. Ke2 Ke7 37. Kd3 Rb6 38. Kc3 h6 39. Kc4 Rc6+ 40. Kb3 g5 41. b5 Rb6 42. Kb4 e5 43. fxe5 Ke6 44. Kc5 Rb8 45. Rd6+ Kxe5 46. Rxh6 Rd8 47. Rg6 Rc8+ 48. Kb6 Rb8+ 49. Kc6 Rc8+ 50. Kd7 Rb8 51. b6 Ra8 52. b7 Ra7 53. Kc8 1-0

[Event "DDR-ch (Women)"]
[Site "Glauchau"]
[Date "1987.??.??"]
[Round "9"]
[White "Goehler, Antje"]
[Black "Timme, Karin"]
[Result "1-0"]
[WhiteElo "2220"]
[BlackElo "2000"]
[PlyCount "91"]
[EventDate "1987.02.05"]
[EventType "tourn"]
[EventRounds "13"]
[EventCountry "DDR"]
[SourceTitle "EXT 2003"]
[Source "ChessBase"]
[SourceDate "2002.11.25"]
[SourceVersion "1"]
[SourceVersionDate "2002.11.25"]
[SourceQuality "1"]

1. d4 d5 2. c4 e6 3. Nc3 Nf6 4. Bg5 Be7 5. e3 0-0 6. Nf3 Nbd7 7. Rc1 c6 8. Bd3 dxc4 9. Bxc4 Nd5 10. Bxe7 Qxe7 11. Ne4 Qb4+ 12. Qd2 Qxd2+ 13. Kxd2 N7f6 14. Nxf6+ Nxf6 15. Ke2 b6 16. Bd3 Bb7 17. Rc2 Rac8 18. Rhc1 Nd5 19. a3 f6 20. g3 g6 21. e4 Nc7 22. Nd2 Rfd8 23. Ke3 Kf7 24. a4 Ke7 25. a5 b5 26. Nb3 Na6 27. Nc5 Nxc5 28. Rxc5 a6 29. Bf1 Rd7 30. f4 Rcd8 31. Rd1 h6 32. Bg2 Rc8 33. b4 f5 34. exf5 gxf5 35. Bf3 Kf6 36. h3 Rg7 37. g4 Ba8 38. Rd2 Bb7 39. Rg2 Ba8 40. gxf5 Rxg2 41. Bxg2 exf5 42. h4 Kg6 43. Rxf5 Kxf5 44. Bh3+ Kg6 45. Bxc8 Kh5 46. f5 1-0

[Event "DDR-ch (Women)"]
[Site "Glauchau"]
[Date "1987.??.??"]
[Round "1"]
[White "Gollewsky, Petra"]
[Black "Timme, Karin"]
[Result "1-0"]
[WhiteElo "2000"]
[BlackElo "2000"]
[PlyCount "81"]
[EventDate "1987.02.05"]
[EventType "tourn"]
[EventRounds "13"]
[EventCountry "DDR"]
[SourceTitle "EXT 2003"]
[Source "ChessBase"]
[SourceDate "2002.11.25"]
[SourceVersion "1"]
[SourceVersionDate "2002.11.25"]
[SourceQuality "1"]

1. e4 c5 2. Nf3 e6 3. c3 Nf6 4. e5 Nd5 5. d4 cxd4 6. cxd4 Nc6 7. Nc3 Nxc3 8. bxc3 d6 9. exd6 Bxd6 10. Bd3 Bd7 11. c4 Bb4+ 12. Bd2 Qa5 13. a3 Bxd2+ 14. Qxd2 Rc8 15. Ra2 Qxd2+ 16. Kxd2 Na5 17. Rc2 Nb3+ 18. Kc3 Na5 19. Kd2 0-0 20. Rb1 Bc6 21. Ke3 Rfd8 22. c5 f6 23. Be4 Rc7 24. Rb4 Bxe4 25. Kxe4 Nc6 26. Rbc4 Rcd7 27. h4 Kf7 28. g4 h6 29. Rc1 Rd5 30. Rg1 e5 31. Rb1 exd4 32. Rxb7+ Kg8 33. Rc7 Ne5 34. Rxd4 Rxd4+ 35. Nxd4 Nxg4 36. Ne6 Re8 37. Rxg7+ Kh8 38. Rxg4 Rxe6+ 39. Kd5 Re2 40. c6 h5 41. Rc4 1-0

[Event "DDR-ch (Women)"]
[Site "Glauchau"]
[Date "1987.??.??"]
[Round "7"]
[White "Heinatz, Gundula"]
[Black "Timme, Karin"]
[Result "1-0"]
[WhiteElo "2000"]
[BlackElo "2000"]
[PlyCount "71"]
[EventDate "1987.02.05"]
[EventType "tourn"]
[EventRounds "13"]
[EventCountry "DDR"]
[SourceTitle "EXT 2003"]
[Source "ChessBase"]
[SourceDate "2002.11.25"]
[SourceVersion "1"]
[SourceVersionDate "2002.11.25"]
[SourceQuality "1"]

1. d4 Nf6 2. Nf3 g6 3. g3 Bg7 4. Bg2 0-0 5. 0-0 d5 6. c4 dxc4 7. Na3 c6 8. Nxc4 Bf5 9. Bd2 Be4 10. Bc3 Bd5 11. Nfe5 Bxg2 12. Kxg2 Nbd7 13. Nd3 Ne4 14. Qb3 Qc8 15. f3 Ng5 16. h4 Ne6 17. Nde5 Rd8 18. h5 Nxe5 19. dxe5 b6 20. hxg6 hxg6 21. Ne3 Nd4 22. Bxd4 Rxd4 23. Ng4 Rd2 24. Rf2 Qd7 25. Rh1 Qd4 26. Rh4 Qc5 27. Qa4 Kf8 28. Qf4 Rd4 29. e4 Rad8 30. Rh7 Rd1 31. e6 f6 32. Rxg7 g5 33. Rf7+ Kg8 34. Qe3 Qxe3 35. Nxe3 Re8 36. Nxd1 1-0

[Event "DDR-ch (Women)"]
[Site "Glauchau"]
[Date "1987.??.??"]
[Round "12"]
[White "Schoenemann, Astrid"]
[Black "Timme, Karin"]
[Result "1/2-1/2"]
[WhiteElo "2000"]
[BlackElo "2000"]
[PlyCount "51"]
[EventDate "1987.02.05"]
[EventType "tourn"]
[EventRounds "13"]
[EventCountry "DDR"]
[SourceTitle "EXT 2003"]
[Source "ChessBase"]
[SourceDate "2002.11.25"]
[SourceVersion "1"]
[SourceVersionDate "2002.11.25"]
[SourceQuality "1"]

1. f4 d5 2. Nf3 g6 3. e3 Bg7 4. Be2 Nf6 5. 0-0 0-0 6. d4 c5 7. c3 c4 8. b3 cxb3 9. axb3 Nc6 10. Bd3 Bg4 11. h3 Bxf3 12. Qxf3 Qd7 13. Ba3 Rfb8 14. g4 e6 15. Nd2 Rd8 16. Kg2 Rac8 17. Rfc1 Bf8 18. Bxf8 Kxf8 19. b4 b6 20. Bb5 Qe7 21. Qd1 Rc7 22. Qa4 Nb8 23. Bd3 Rdc8 24. g5 Ne8 25. c4 dxc4 26. Rxc4 1/2-1/2

[Event "DDR-ch (Women)"]
[Site "Glauchau"]
[Date "1987.??.??"]
[Round "10"]
[White "Starck, Ines"]
[Black "Timme, Karin"]
[Result "1-0"]
[WhiteElo "2120"]
[BlackElo "2000"]
[PlyCount "94"]
[EventDate "1987.02.05"]
[EventType "tourn"]
[EventRounds "13"]
[EventCountry "DDR"]
[SourceTitle "EXT 2003"]
[Source "ChessBase"]
[SourceDate "2002.11.25"]
[SourceVersion "1"]
[SourceVersionDate "2002.11.25"]
[SourceQuality "1"]

1. e4 c5 2. c3 d5 3. exd5 Qxd5 4. d4 e6 5. Nf3 Nf6 6. Bd3 Be7 7. 0-0 0-0 8. c4 Qd8 9. dxc5 Bxc5 10. Nc3 Nc6 11. a3 b6 12. Bg5 Be7 13. Qe2 Bb7 14. Rfd1 Qc8 15. Rac1 h6 16. Bh4 Ne8 17. Bb1 g5 18. Bg3 f5 19. Be5 Bf6 20. Bxf6 Rxf6 21. b4 g4 22. Ne1 Qc7 23. Ba2 Qe5 24. b5 Qxe2 25. Nxe2 Na5 26. c5 bxc5 27. Rxc5 Ng7 28. Nf4 Rc8 29. Re5 Nc4 30. Re2 Kh7 31. Rd7 Be4 32. f3 Bd5 33. Nxd5 exd5 34. Rxa7 Kg6 35. Nd3 Ne6 36. Rxe6 Rxe6 37. Nf4+ Kf6 38. Nxe6 Kxe6 39. fxg4 fxg4 40. Ra6+ Ke5 41. Rxh6 Ne3 42. Kf2 d4 43. Re6+ Kf5 44. Rc6 Rf8 45. b6 Ke4+ 46. Kg3 Nf5+ 47. Kxg4 Rh8 1-0

[Event "DDR-ch (Women)"]
[Site "Glauchau"]
[Date "1987.??.??"]
[Round "13"]
[White "Timme, Karin"]
[Black "Kunze, Kerstin"]
[Result "1/2-1/2"]
[WhiteElo "2000"]
[BlackElo "2000"]
[PlyCount "42"]
[EventDate "1987.02.05"]
[EventType "tourn"]
[EventRounds "13"]
[EventCountry "DDR"]
[SourceTitle "EXT 2003"]
[Source "ChessBase"]
[SourceDate "2002.11.25"]
[SourceVersion "1"]
[SourceVersionDate "2002.11.25"]
[SourceQuality "1"]

1. d4 Nf6 2. c4 c5 3. d5 b5 4. cxb5 a6 5. bxa6 Bxa6 6. Nc3 d6 7. Nf3 g6 8. Nd2 Qa5 9. g3 Bg7 10. Bg2 0-0 11. 0-0 Nbd7 12. Re1 Rfb8 13. e4 Ne5 14. Nb3 Qc7 15. Bf1 Bxf1 16. Rxf1 c4 17. Nd4 Qd7 18. a4 Qh3 19. f3 Nd3 20. Ndb5 Nh5 21. Qe2 Ra5 1/2-1/2

[Event "DDR-ch (Women)"]
[Site "Glauchau"]
[Date "1987.??.??"]
[Round "11"]
[White "Timme, Karin"]
[Black "Wagner Michel, Annett"]
[Result "0-1"]
[WhiteElo "2000"]
[BlackElo "2225"]
[PlyCount "72"]
[EventDate "1987.02.05"]
[EventType "tourn"]
[EventRounds "13"]
[EventCountry "DDR"]
[SourceTitle "EXT 2003"]
[Source "ChessBase"]
[SourceDate "2002.11.25"]
[SourceVersion "1"]
[SourceVersionDate "2002.11.25"]
[SourceQuality "1"]

1. d4 Nf6 2. c4 e6 3. Nf3 b6 4. Nc3 Bb4 5. a3 Bxc3+ 6. bxc3 Ne4 7. Nd2 f5 8. Nxe4 fxe4 9. g3 Ba6 10. Bg2 d5 11. cxd5 exd5 12. f3 exf3 13. Bxf3 0-0 14. 0-0 c6 15. Re1 Qf6 16. Qd2 Nd7 17. a4 Rae8 18. Ba3 Rf7 19. Rf1 Qg6 20. Rf2 Nf6 21. Raf1 Bc8 22. Bg2 Qh5 23. Bf3 Qg6 24. Bg2 h6 25. Bd6 Be6 26. Be5 Ng4 27. Rxf7 Bxf7 28. Bf4 Be6 29. Bf3 Nf6 30. Be5 Bh3 31. Bg2 Bxg2 32. Kxg2 Ng4 33. Bf4 Qe4+ 34. Kh3 h5 35. e3 Nxe3 36. Re1 Qf5+ 0-1